| 000 | 01253nam a2200289 4500 | ||
|---|---|---|---|
| 005 | 20220802140843.0 | ||
| 008 | 220802s2013 enk |||gr|||| 00| 0 eng d | ||
| 020 | _a9780199281749 | ||
| 020 | _a9780198777304 | ||
| 040 |
_aCO-BoUCM _bspa _cDeissy Garcia _dDeissy Garcia |
||
| 041 | 1 |
_aeng _hger |
|
| 100 | 1 |
_992620 _aFrege, Gottlob _d1848-1925 |
|
| 245 | 1 | 0 |
_aBasic laws of arithmetic, derived using concept-script _bvolumes I & II _cGottlob Frege; traducido y editado por Philip A. Ebert y Marcus Rossberg; con Crispín Wright; y el consejo de Michael Beaney... [et al.]; apéndice por Roy T. Cook |
| 260 |
_aOxford, Reino Unido _bOxford University Press _c2013 |
||
| 300 |
_a2 volúmenes _bilustraciones |
||
| 500 | _aBibliografía Básica - Escuela de Ciencias Humanas - Pregrado en Filosofía | ||
| 504 | _aIncluye referencias bibliográficas e índices | ||
| 546 | _aTraducido del alemán | ||
| 650 | 7 |
_aAritmética _xTeoría _9175332 |
|
| 650 | 7 |
_918801 _aLógica simbólica |
|
| 650 | 7 |
_918796 _aLógica matemática |
|
| 700 | 1 |
_aEbert, Philip A. _etraductor _9175333 |
|
| 700 | 1 |
_aRossberg, Marcus _9175334 |
|
| 700 | 1 |
_aWright, Crispin _9175335 |
|
| 942 |
_2DEWEY _cLIBRO _a25 _e1 _h513 _mF858b _n0 |
||
| 999 |
_c321537 _d321537 |
||